Kościół rzymskokatolicki w procesach integracyjnych na Pomorzu Zachodnim w latach 1945-1956
| Titel: | Kościół rzymskokatolicki w procesach integracyjnych na Pomorzu Zachodnim w latach 1945-1956 / Marta Cichocka ; Uniwersytet Szczeciński |
|---|---|
| Verfasser: | |
| Ausgabe: | Wydanie I |
| Veröffentlicht: | Szczecin : Wydawnictwo Naukowe Uniwersytetu Szczecińskiego, 2018 |
| Umfang: | 369 Seiten : Illustrationen ; 24 cm |
| Format: | Buch |
| Sprache: | Polnisch |
| Schriftenreihe/ mehrbändiges Werk: |
Rozprawy i Studia / Uniwersytet Szczeciński ; t. (1118) 1044 |
| ISBN: | 9788379722419 ; 8379722418 |
alg: 44628470 001A $03004:12-03-19 001B $03025:01-12-22 $t17:13:45.000 001D $01999:04-09-19 001U $0utf8 001X $00 002@ $0Aay 002C $aText $btxt $2rdacontent 002D $aohne Hilfsmittel zu benutzen $bn $2rdamedia 002E $aBand $bnc $2rdacarrier 003@ $044628470X 004A $A978-83-7972-241-9 004A $083-7972-241-8 006C $01084540128 $aOCoLC 007A $044628470X $aHEB 010@ $apol 010E $erda 011@ $a2018 $n2018 021A $aKościół rzymskokatolicki w procesach integracyjnych na Pomorzu Zachodnim w latach 1945-1956 $hMarta Cichocka ; Uniwersytet Szczeciński 028A $BVerfasser $#Cichocka, Marta Eloy $#Cichocka, Marta $4aut $7173939546 $8Cichocka, Marta E.$Z1973- [Tp3] $9298105721 032@ $aWydanie I 033A $pSzczecin $nWydawnictwo Naukowe Uniwersytetu Szczecińskiego 034D $a369 Seiten 034I $a24 cm 034M $aIllustrationen 036E $aRozprawy i Studia / Uniwersytet Szczeciński $x0860-2751 $lt. (1118) 1044 037A $aLiteraturverzeichnis Seite 339-365 044K $#Katolikus Egyház $#RCC $#Katoličeskaj Cerkovʹ $#Katoličke Cerkve $#Katolska Cyrkej $#Katolske Kirke $#Ecclesia Catholica $#Igreja Católica $#Römisch-Katholische Kirche $#Katholikē Ekklēsia $#Catholic Church $#Roman Catholic Church $#Eglise Catholique $#Eglise Catholique Romaine $#Chiesa Cattolica $#Katholieke Kerk $#Iglesia Católica $#Katolické Církve $#Kościoł Katolicki $#Katoličke Crkve $#Eglise catholique romaine $#Chiesa cattolica romana $#Roman catholic Church $#Eglise catholique $#Römische Kirche $72009545-4 $8Katholische Kirche [Tb1] $9042651956 044K $RIntegration $RAssimilation $#Social integration $#Intégration sociale $#Integrazione sociale $#Soziale Integration $#soziale Integration $#Soziale Integration $#Gesellschaftliche Integration $#Soziale Eingliederung $74077570-7 $8Soziale Integration [Ts1] $9085219835 045R $aGeschichte 1945-1956 lok: 44628470 24 exp: 44628470 24 1 #EPN 201B/01 $012-03-26 $t11:59:40.000 201C/01 $012-03-19 201U/01 $0utf8 203@/01 $01048305449 208@/01 $a12-03-19 $ba 209A/01 $azur Erwerbung bestellt $da $f050 $x00 220C/01 $aho-sz 247C/01 $8358050-7Marburg, Bibliothek des Herder-Instituts Marburg $9102600961 lok: 44628470 78 exp: 44628470 78 1 #EPN 201B/01 $001-12-22 $t17:14:00.000 201C/01 $004-09-19 201U/01 $0utf8 203@/01 $01058904779 208@/01 $a04-09-19 $be 209A/01 $a/ $f000 $x00 209A/01 $ab*p $x01 220C/01 $aeja 244Z/01 $#Generalgouvernement Polen $#Polska $#Rzeczpospolita Polska $#Polska Rzeczpospolita Ludowa $#Poland $#Pologne $#République Polonaise $#Generalne Gubernatorstwo w Polsce $#Polish People's Republic $#Polska Rzeczpospolita Polen $#PRL $#RP $#Polen Generalgouvernement $#Polska Generalgouvernement $#Besetzte Polnische Gebiete $#Besetztes Gebiet in Polen $#Okupowane Polskie Obszary $#Obszary Okupowane w Polsce $#Volksrepublik Polen $#Polska Rosyjska $#Republic Polen $#Respublika Pol'ša $#Pol'skaja Narodnaja Respublika $#République de Pologne $#Polen Links der Weichsel $#Polska po Lewej Stronie Wisły $#Lenkija $#Polija $#Gubernija Carstva Pol'skago $#Republik Polen $74046496-9 $8--Tg1--Polen $x02 $9085129801 244Z/01 $#Pommern $#Pommern $#Herzogtum Pommern $#Herzogthum Pommern $#Provinz Pommern $#Pomorze $74046744-2 $8--Tg1--Pommern $x06 $9085130354 247C/01 $82080>Marburg/Lahn, Herder-Institut, Forschungsbibliothek, Bibliographieportal $9336309341
| LEADER | 00000cam a22000002c 4500 | ||
|---|---|---|---|
| 001 | 44628470X | ||
| 003 | DE-603 | ||
| 005 | 20221201171345.0 | ||
| 007 | tu | ||
| 008 | 190312s2018 xx |||| | u00||u|pol c | ||
| 020 | |a 9788379722419 | ||
| 020 | |a 8379722418 | ||
| 035 | |a (DE-599)HEB44628470X | ||
| 040 | |a DE-603 |b ger |c DE-603 |d DE-603 |e rda | ||
| 041 | |a pol | ||
| 100 | 1 | |a Cichocka, Marta E. |d 1973- |e Verfasser |4 aut |0 (DE-603)298105721 |0 (DE-588)173939546 |2 gnd | |
| 245 | 0 | 0 | |a Kościół rzymskokatolicki w procesach integracyjnych na Pomorzu Zachodnim w latach 1945-1956 |c Marta Cichocka ; Uniwersytet Szczeciński |
| 250 | |a Wydanie I | ||
| 264 | 1 | |a Szczecin |b Wydawnictwo Naukowe Uniwersytetu Szczecińskiego |c 2018 | |
| 300 | |a 369 Seiten |b Illustrationen |c 24 cm | ||
| 336 | |a Text |b txt |2 rdacontent | ||
| 337 | |a ohne Hilfsmittel zu benutzen |b n |2 rdamedia | ||
| 338 | |a Band |b nc |2 rdacarrier | ||
| 490 | 0 | |a Rozprawy i Studia / Uniwersytet Szczeciński |x 0860-2751 |v t. (1118) 1044 | |
| 500 | |a Literaturverzeichnis Seite 339-365 | ||
| 610 | 1 | 7 | |a Katholische Kirche |2 gnd |0 (DE-588)2009545-4 |0 (DE-603)042651956 |
| 648 | 7 | |a Geschichte 1945-1956 |2 gnd | |
| 650 | 7 | |a Soziale Integration |0 (DE-588)4077570-7 |0 (DE-603)085219835 |2 gnd | |
| 924 | 0 | |9 Mb 50 |a (DE-603)1048305449 |b DE-Mb50 |c HES |d d |g zur Erwerbung bestellt | |
| 924 | 0 | |9 2080 |a (DE-603)1058904779 |b DE-2080 |c HES |d d |g / | |


